Rapport de synthése du séminaire sur les politique d'utilisation des sols Stockholm /Suéde/, 12-17 juin 1978
Na minha lista:
| Autor principal: | |
|---|---|
| Formato: | Livro |
| Idioma: | francês |
| Publicado em: |
New York
Nations Unies
1980
|
| Tags: |
Sem tags, seja o primeiro a adicionar uma tag!
|
MARC
| LEADER | 00000nam a2200000 4500 | ||
|---|---|---|---|
| 001 | c142811 | ||
| 005 | 20041019155325.9 | ||
| 041 | 0 | |a fre | |
| 044 | |a US | ||
| 245 | 1 | 0 | |a Rapport de synthése du séminaire sur les politique d'utilisation des sols |b Stockholm /Suéde/, 12-17 juin 1978 |c R. Lecourt |
| 264 | 1 | |a New York |b Nations Unies |c 1980 | |
| 300 | |a 62 s. | ||
| 100 | 1 | |a Lecourt, R. | |